Snatched from Earth / (Record no. 8000)
[ view plain ]
| 000 -LEADER | |
|---|---|
| fixed length control field | 01620cam a22003973a 4500 |
| 001 - CONTROL NUMBER | |
| control field | 12730985 |
| 003 - CONTROL NUMBER IDENTIFIER | |
| control field | OSt |
| 005 - DATE AND TIME OF LATEST TRANSACTION | |
| control field | 20140310182001.0 |
| 008 - FIXED-LENGTH DATA ELEMENTS--GENERAL INFORMATION | |
| fixed length control field | 000928s2000 nyua j 000 1 eng d |
| 010 ## - LIBRARY OF CONGRESS CONTROL NUMBER | |
| LC control number | 2002554439 |
| 020 ## - INTERNATIONAL STANDARD BOOK NUMBER | |
| International Standard Book Number | 0340736410 |
| Terms of availability | $3.99 |
| 035 ## - SYSTEM CONTROL NUMBER | |
| System control number | (OCoLC)ocm45092193 |
| 040 ## - CATALOGING SOURCE | |
| Original cataloging agency | LKR |
| Transcribing agency | LKR |
| Modifying agency | DLC |
| 042 ## - AUTHENTICATION CODE | |
| Authentication code | lccopycat |
| 050 00 - LIBRARY OF CONGRESS CALL NUMBER | |
| Classification number | PZ 7 |
| Item number | .C873 2000 |
| 082 ## - DEWEY DECIMAL CLASSIFICATION NUMBER | |
| Classification number | KF |
| Item number | C83m 2000 |
| 100 1# - MAIN ENTRY--PERSONAL NAME | |
| Personal name | Coville, Bruce. |
| 9 (RLIN) | 4824 |
| 245 10 - TITLE STATEMENT | |
| Title | Snatched from Earth / |
| Statement of responsibility, etc | Bruce Coville, illustrated by Tony Sansevero. |
| 260 ## - PUBLICATION, DISTRIBUTION, ETC. (IMPRINT) | |
| Place of publication, distribution, etc | New York : |
| Name of publisher, distributor, etc | Minstrel Books, |
| Date of publication, distribution, etc | 2000. |
| 300 ## - PHYSICAL DESCRIPTION | |
| Extent | 186 p. : |
| Other physical details | ill. ; |
| Dimensions | 19 cm. |
| 490 1# - SERIES STATEMENT | |
| Series statement | I was a sixth grade alien ; |
| Volume number/sequential designation | #8 |
| 520 ## - SUMMARY, ETC. | |
| Summary, etc | Tim, Pleskit, Maktel, and Linnsy have been taken captive by a mysterious alien, and now they are going to have to learn to work together to survive on the strange new planet where they've been trapped. But even if they do survive how will they find their way back home? |
| 521 ## - TARGET AUDIENCE NOTE | |
| Target audience note | |
| 541 ## - IMMEDIATE SOURCE OF ACQUISITION NOTE | |
| -- | 1 |
| 562 ## - COPY AND VERSION IDENTIFICATION NOTE | |
| Number of copies | 1 |
| 650 #0 - SUBJECT ADDED ENTRY--TOPICAL TERM | |
| Topical term or geographic name as entry element | Life on other planets |
| Form subdivision | Juvenile fiction. |
| 9 (RLIN) | 5075 |
| 650 #0 - SUBJECT ADDED ENTRY--TOPICAL TERM | |
| Topical term or geographic name as entry element | Human-alien encounters |
| Form subdivision | Juvenile fiction. |
| 9 (RLIN) | 5077 |
| 655 #7 - INDEX TERM--GENRE/FORM | |
| Genre/form data or focus term | Children's stories. |
| Source of term | lcsh |
| 9 (RLIN) | 3012 |
| 655 #7 - INDEX TERM--GENRE/FORM | |
| Genre/form data or focus term | Science fiction. |
| Source of term | gsafd |
| 9 (RLIN) | 1889 |
| 710 2# - ADDED ENTRY--CORPORATE NAME | |
| Corporate name or jurisdiction name as entry element | Copyright Paperback Collection (Library of Congress) |
| Institution to which field applies | DLC |
| 9 (RLIN) | 705 |
| 800 1# - SERIES ADDED ENTRY--PERSONAL NAME | |
| Personal name | Coville, Bruce. |
| Title of a work | I was a sixth grade alien ; |
| Volume/sequential designation | 8. |
| 9 (RLIN) | 5080 |
| 856 42 - ELECTRONIC LOCATION AND ACCESS | |
| Materials specified | Publisher description |
| Uniform Resource Identifier | <a href="http://www.loc.gov/catdir/description/simon032/2002554439.html">http://www.loc.gov/catdir/description/simon032/2002554439.html</a> |
| 906 ## - LOCAL DATA ELEMENT F, LDF (RLIN) | |
| a | 7 |
| b | cbc |
| c | copycat |
| d | 2 |
| e | ncip |
| f | 20 |
| g | y-genrareb |
| 942 ## - ADDED ENTRY ELEMENTS (KOHA) | |
| Source of classification or shelving scheme | Library of Congress Classification |
| Koha item type | |
| Call number prefix | |
| Withdrawn status | Lost status | Source of classification or shelving scheme | Damaged status | Home library | Current library | Shelving location | Date acquired | Total Checkouts | Full call number | Barcode | Date last seen | Copy number | Price effective from | Koha item type |
|---|---|---|---|---|---|---|---|---|---|---|---|---|---|---|
| Library of Congress Classification | Luxembourg Library | Luxembourg Library | Kids Fiction Section | 07/29/2013 | PZ 7 .C873 2000 | 14314 | 08/13/2013 | 1 | 07/29/2013 | Books |